Dits et écrits 1954-1988 (Record no. 76907)

MARC details
000 -LEADER
fixed length control field 00406nam a22001337a 4500
008 - FIXED-LENGTH DATA ELEMENTS--GENERAL INFORMATION
fixed length control field 140818t fr||||| |||| 00| 0 fre d
050 04 - LIBRARY OF CONGRESS CALL NUMBER
Classification number B2430
Item number F68 2001
100 1# - MAIN ENTRY--PERSONAL NAME
Personal name Foucault, Michel
245 10 - TITLE STATEMENT
Title Dits et écrits 1954-1988
Statement of responsibility, etc Michel Foucault.
Remainder of title Volumen I 1976-1988
260 ## - PUBLICATION, DISTRIBUTION, ETC. (IMPRINT)
Place of publication, distribution, etc Francia :
Name of publisher, distributor, etc Quarto Gallimard,
Date of publication, distribution, etc 2001
300 ## - PHYSICAL DESCRIPTION
Extent 1755 p.
Dimensions 22 cm
650 #4 - SUBJECT ADDED ENTRY--TOPICAL TERM
Topical term or geographic name as entry element Psicoanálisis
General subdivision Psicología
942 ## - ADDED ENTRY ELEMENTS (KOHA)
Source of classification or shelving scheme Clasificación Decimal Dewey
Koha item type Libro
Holdings
Estado de pérdida Fuente de clasificación Estado del daño No para préstamo Ubicación permanente Ubicación actual Apartado o colección Fecha de adquisición Fuente de adquisición Enumeración de Serie / Cronológica Dependencia de educación superior (DES) Área del conocimiento Total Checkouts Clasificación Código de Barras Date last seen Date checked out Número de copia Tipo de recurso
  Biblioteca del Cogreso de los Estados Unidos     Biblioteca de la Facultad de Psicología Biblioteca de la Facultad de Psicología General 18/08/2014   BFP000010346     1 B2430 F68 2001 BFP000010346 11/12/2025 12/11/2025 V.2 C:2 Libro